| 000 | 00962cab a2200265 4500 | ||
|---|---|---|---|
| 001 | ABS55688 | ||
| 008 | 090401t xxu||||| |||| 00| 0 eng d | ||
| 035 | _a(Sirsi) u18051 | ||
| 041 | _aeng | ||
| 245 | _aFinance | ||
| 300 | _a56(8) 23 August 1996, 24-25(7) | ||
| 350 | _a0 | ||
| 490 | _aProperty Week | ||
| 520 | _aOutlines the pros and cons of property securitisation, identifies seven firms of chartered surveyors involved in raising finance for clients concluding with a discussion of mezzanine finance. Pie charts shows the distribution of Barclay Bank`s Property Index Certificates holders ranging from UK pension funds 68% to property companies 1.6%. | ||
| 650 | _aLOANS | ||
| 650 | _aMEZZANINE FINANCE | ||
| 650 | _aPROPERTY FINANCE | ||
| 650 | _aPROPERTY INDEX CERTIFICATES | ||
| 650 | _aREITS | ||
| 650 | _aRISK | ||
| 650 | _aSECURITISATION | ||
| 690 | _aPROPERTY-PROPERTY FINANCE AND INVESTMENT | ||
| 942 | _n0 | ||
| 948 | _c04/03/1997 | ||
| 999 |
_c11971 _d11971 |
||